| Tag |
First Indicator |
Second Indicator |
Subfields |
| LEADER |
00000cam a2200000 i 4500 |
| 001 |
in00003999721 |
| 005 |
20211120182729.0 |
| 006 |
m o d f |
| 007 |
cr mn||||||||| |
| 008 |
141123s1976 dcuaf ob f001 0 eng c |
| 035 |
|
|
|a (OCoLC)ocn896810443
|
| 040 |
|
|
|a COP
|b eng
|e rda
|e pn
|c COP
|d OCLCO
|d OCLCF
|d GPO
|d MvI
|d UtOrBLW
|
| 042 |
|
|
|a pcc
|
| 043 |
|
|
|a n------
|
| 049 |
|
|
|a WWW
|
| 074 |
|
|
|a 0624 (online)
|
| 086 |
0 |
|
|a I 19.16:743-E
|
| 100 |
1 |
|
|a Tschudy, Robert H.,
|e author.
|0 http://id.loc.gov/authorities/names/n50011740
|
| 245 |
1 |
0 |
|a Stratigraphic distribution of species of the megaspore genus Minerisporites in North America /
|c by Robert H. Tschudy.
|
| 264 |
|
1 |
|a Washington :
|b United States Department of the Interior, Geological Survey,
|c 1976.
|
| 300 |
|
|
|a 1 online resource (iii, E11 pages, 4 unnumbered pages of plates) :
|b illustrations.
|
| 336 |
|
|
|a text
|b txt
|2 rdacontent
|
| 337 |
|
|
|a computer
|b c
|2 rdamedia
|
| 338 |
|
|
|a online resource
|b cr
|2 rdacarrier
|
| 490 |
1 |
|
|a Geological Survey professional paper ;
|v 743-E
|
| 490 |
1 |
|
|a Contributions to paleontology
|
| 500 |
|
|
|a Title from title screen (viewed October 2, 2014).
|
| 500 |
|
|
|a "Taxonomy, stratigraphic ranges, and facies significance of Minerisporites megaspores."
|
| 504 |
|
|
|a Includes bibliographical references (pages E9-E10) and index.
|
| 650 |
|
0 |
|a Minerisporites
|z North America.
|
| 650 |
|
0 |
|a Paleobotany
|y Cretaceous.
|0 http://id.loc.gov/authorities/subjects/sh85097030
|
| 650 |
|
0 |
|a Paleobotany
|y Paleocene.
|0 http://id.loc.gov/authorities/subjects/sh85097041
|
| 650 |
|
0 |
|a Paleobotany
|z North America.
|
| 650 |
|
7 |
|a Cretaceous Geologic Period.
|2 fast
|0 (OCoLC)fst01352648
|
| 650 |
|
7 |
|a Minerisporites.
|2 fast
|0 (OCoLC)fst01022484
|
| 650 |
|
7 |
|a Paleobotany.
|2 fast
|0 (OCoLC)fst01051324
|
| 650 |
|
7 |
|a Paleocene Geologic Epoch.
|2 fast
|0 (OCoLC)fst01353935
|
| 651 |
|
7 |
|a North America.
|2 fast
|0 (OCoLC)fst01242475
|
| 648 |
|
7 |
|a From 55 to 140 million years ago
|2 fast
|
| 710 |
2 |
|
|a Geological Survey (U.S.),
|e issuing body.
|0 http://id.loc.gov/authorities/names/n80092173
|
| 776 |
0 |
8 |
|i Print version:
|a Tschudy, Robert H.
|t Stratigraphic distribution of species of the megaspore genus Minerisporites in North America
|w (DLC) 76608080
|w (OCoLC)2122774
|
| 830 |
|
0 |
|a Geological Survey professional paper ;
|v 743-E.
|0 http://id.loc.gov/authorities/names/n42012105
|
| 830 |
|
0 |
|a Geological Survey professional paper.
|p Contributions to paleontology.
|0 http://id.loc.gov/authorities/names/n42008284
|
| 856 |
4 |
0 |
|u https://purl.fdlp.gov/GPO/gpo89525
|t 0
|
| 999 |
f |
f |
|s 8a545671-ef4a-335d-9f84-8af91536890c
|i d77ae0a4-4b37-3677-8be5-753f8baf0462
|t 0
|
| 952 |
f |
f |
|a Texas A&M University
|b College Station
|c Electronic Resources
|d Available Online
|t 0
|e I 19.16:743-E
|h Superintendent of Documents classification
|
| 998 |
f |
f |
|a I 19.16:743-E
|t 0
|l Available Online
|